| 000 | 01003cam a22003257a 4500 | ||
|---|---|---|---|
| 003 | CHAP | ||
| 005 | 20220329134016.0 | ||
| 008 | 971013s1955 r 00010 d | ||
| 010 | _a14027 | ||
| 011 | _a14999 | ||
| 035 | _a19073 | ||
| 040 | _cCHAP | ||
| 090 | _aTesis | ||
| 100 | 0 | 0 |
_aGonzález Gracia, Gregorio. _948995 |
| 245 | 0 | _aFrijol para ejote en la región del Bajío | |
| 260 |
_aChapingo, Méx. : _bEl autor, _c1955 |
||
| 300 | _a60 h | ||
| 502 | _aTesis (Ing. Agr. Esp. en Fitotecnia) -- ENA. Departamento de Fitotecnia | ||
| 590 |
_aALEPH _b10 _c20130110 _lUCH01 _h1234 |
||
| 590 |
_aBATCH-UPD _b10 _c20130110 _lUCH01 _h1053 |
||
| 590 |
_aBATCH-UPD _b10 _c20130410 _lUCH01 _h0649 |
||
| 590 |
_aBATCH-UPD _b10 _c20130914 _lUCH01 _h1254 |
||
| 590 |
_aCONVERSION _b10 _c20130109 _lUCH01 _h1309 |
||
| 650 | 1 | 4 |
_aEjote. _936065 |
| 650 | 1 | 4 |
_aFrijol _xBajío. _943338 |
| 901 | _aBK | ||
| 942 | _cFOLL | ||
| 949 |
_bBC _cTES _d-44266 _eTS1 _i19073 _si |
||
| 949 |
_bBC _cTES _d-44267 _eTS2 _fc.2 _i19073 _si |
||
| 999 |
_c14027 _d14027 |
||